01283nam a2200325Ia 4500001000700000003000500007008004100012010001100053040000900064090001700073100003400090245017900124260004100303300001000344502007500354650002500429650002400454650003300478650003800511650003800549650002200587901001700609902000600626910000900632942000600641942000600647999001900653952014200672952014300814Z_1505CHAP220113s1992 xx 000 0 und d a164594 cCHAP aTesis Ch 811 aChapa Ríos, Anacleto921883 aHeterosis y efectos genéticos individuales y maternos para características reproductivas en un cruzamiento entre bovinos Angus y Pardo suizo /cpor Anacleto Chapa Ríos aChapingo, Méx. :bEl autor,c1992 a86 h. aTesis (Ing. Agr. Esp. en Zootecnia) -- UACH. Departamento de Zootecnia aGanado Angus 944962 aGanado Pardo Suizo  aGanado vacunoxCruzas945452 aGanado vacunoxFecundidad 945466 aGanado vacunoxGenética 945470 aHeterosis 955071 aTESIS CH 811 aM a1992 c2 c2 c164594d164594 00102local4051708TESISaZbZd2005-11-09eEl autorl0oTesis C437 811 1992p5101001148r2022-01-18 00:00:00tEj.1w2022-01-18yTESIS 00102local4055708TESISaZbZd2009-01-21eEl autorl0oTesis C437 811 1992 p5101001149r2022-01-18 00:00:00tEj.2w2022-01-18yTESIS